00782nam a2200217 a 450000100060000000300090000600800410001502000150005604000280007108200180009910000250011724500340014226000520017630000110022859000580023965000330029765000520033094200120038299900170039495201530041115382CO-ViMGA141112s2004 ck r 000 u spa d a9589037232 aCO-ViMGAbspacCO-ViMGA04a303.483 C652c1 aColciencias, 92236510aConvocatoria a la creatividad aBogotá, cColciencias, cTercer mundo, c1992 a329.p. aForma de adquisición : 10.000 - - Precio : 10.00014aDESARROLLO CIENTIFICO92236614aSISTEMA NACIONAL DE CIENCIA Y TECNOLOGIA910853 2ddccBK c25718d25718 00102ddc40708003aMEVIECARbMEVIECARd2015-12-04hVolumen. 1 | 11/jun/2009l0o303.483 C652c p15382r2015-12-04 00:00:00tEj. 1w2015-12-04yBK